Dunedin's arts and culture strategy: (Record no. 506526)

000 -LEADER
fixed length control field 00670nam a2200181Ia 4500
008 - FIXED-LENGTH DATA ELEMENTS--GENERAL INFORMATION
fixed length control field 181130s2018 xx 000 0 und d
100 ## - MAIN ENTRY--PERSONAL NAME
Personal name Cattermole, Jennifer
245 ## - TITLE STATEMENT
Title Dunedin's arts and culture strategy:
Remainder of title a case study of the challenges of participatory governance in New Zealand
260 ## - PUBLICATION, DISTRIBUTION, ETC.
Date of publication, distribution, etc. 2018
300 ## - PHYSICAL DESCRIPTION
Extent p.43-56.
504 ## - BIBLIOGRAPHY, ETC. NOTE
-- Mar
650 ## - SUBJECT ADDED ENTRY--TOPICAL TERM
Topical term or geographic name entry element Governance - New Zealand
650 ## - SUBJECT ADDED ENTRY--TOPICAL TERM
Topical term or geographic name entry element Local government - New Zealand
650 ## - SUBJECT ADDED ENTRY--TOPICAL TERM
Topical term or geographic name entry element Participatory governance - New Zealand
650 ## - SUBJECT ADDED ENTRY--TOPICAL TERM
Topical term or geographic name entry element Public administration - Citizen participation
773 ## - HOST ITEM ENTRY
Main entry heading Asia Pacific Journal of Public Administration
906 ## - LOCAL DATA ELEMENT F, LDF (RLIN)
a Public administration - Citizen participation
Holdings
Withdrawn status Lost status Damaged status Not for loan Permanent Location Current Location Date acquired Serial Enumeration / chronology Barcode Date last seen Price effective from Koha item type
        Indian Institute of Public Administration Indian Institute of Public Administration 2018-12-07 40(1), Mar, 2018: p.43-56. AR118321 2018-12-07 2018-12-07 Articles

Powered by Koha